The New Seven Wonders of the World - Statistics

General Stats
  • This quiz has been taken 98 times
  • The average score is 5 of 7
Answer Stats
Country Answer % Correct
India Taj Mahal
93%
China Great Wall of China
90%
Italy Colosseum
86%
Peru Machu Picchu
83%
Jordan Petra
79%
Brazil Christ the Redeemer
66%
Mexico Chichen Itza
45%
No matching quizzes found
Score Distribution
Percent of People with Each Score
Percentile by Number Answered
Your Score History
You have not taken this quiz